[Event "4NCL Online Division 3"]
[Site "online"]
[Date "2020.04.28"]
[Round "4.71"]
[White "Nash, Richard J"]
[Black "Cooper, John G"]
[Result "0-1"]
[WhiteElo "1937"]
[BlackElo "2096"]
[PlyCount "106"]
[EventDate "2020.04.28"]
[WhiteTeam "Mushrooms 2"]
[BlackTeam "Hull Romans"]

1. d4 d5 2. c4 e6 3. Nc3 c5 4. cxd5 exd5 5. Nf3 Nc6 6. g3 Nf6 7. Bg2 Be7 8. O-O
O-O 9. Bg5 cxd4 10. Nxd4 h6 11. Be3 Bg4 12. Qa4 Qd7 13. Rfd1 Rad8 14. Rac1 Ne5
15. Qxd7 Rxd7 16. h3 Bh5 17. Nf5 Bb4 18. g4 Bxc3 19. Rxc3 Bg6 20. Bd4 Re8 21.
f4 Nc6 22. Nxh6+ Kh7 23. f5 Nxd4 24. Rxd4 Kxh6 25. fxg6 Kxg6 26. Kf2 Rde7 27.
Bf3 Ne4+ 28. Bxe4+ dxe4 29. e3 Re6 30. Rc7 Rf6+ 31. Ke2 Rb6 32. b4 Ra6 33. Rc2
Re7 34. b5 Rb6 35. Rc5 Rbe6 36. a4 b6 37. Rc8 Kg5 38. Rd5+ Kh4 39. Rh5+ Kg3 40.
Rc1 g6 41. Rh8 Rf6 42. Rg1+ Kh2 43. Rf1 Rxf1 44. Kxf1 Kg3 45. Ke2 Rc7 46. Kd2
Kf2 47. h4 Rd7+ 48. Kc2 Kxe3 49. h5 gxh5 50. gxh5 f5 51. h6 f4 52. h7 f3 53.
Rf8 Rxh7 0-1

[Event "4NCL Online Division 3"]
[Site "online"]
[Date "2020.04.28"]
[Round "4.72"]
[White "Chesters, Tim"]
[Black "Hortin, Matthew J"]
[Result "1-0"]
[WhiteElo "2062"]
[BlackElo "1930"]
[PlyCount "101"]
[EventDate "2020.04.28"]
[WhiteTeam "Hull Romans"]
[BlackTeam "Mushrooms 2"]

1. d4 Nf6 2. c4 e6 3. Nc3 Bb4 4. e3 O-O 5. Bd3 d5 6. cxd5 Nxd5 7. Nge2 c5 8. a3
Ba5 9. O-O Nxc3 10. bxc3 Nc6 11. Qc2 h6 12. Rd1 Qe7 13. a4 b6 14. Ba3 Bb7 15.
Ng3 Rac8 16. Qb3 Rfd8 17. Rab1 Qh4 18. Be2 cxd4 19. cxd4 Ne7 20. Rbc1 Qg5 21.
Qb5 Nd5 22. Bf3 a6 23. Qb3 Re8 24. Ne4 Qg6 25. Nd6 Rxc1 26. Rxc1 Rb8 27. Nxb7
Rxb7 28. Bxd5 exd5 29. Qxd5 Rb8 30. Qe5 Rd8 31. e4 Qg4 32. f3 Qd7 33. d5 b5 34.
Bb2 f6 35. Qg3 bxa4 36. Bxf6 Rf8 37. Bd4 Kh7 38. h4 Rf7 39. h5 Bd8 40. Qg6+ Kg8
41. Qxa6 Kh7 42. Rc6 Qe8 43. Rxh6+ Kg8 44. Re6 Re7 45. Rg6 Kh7 46. Rg3 Bc7 47.
Qg6+ Kh8 48. d6 Qd7 49. Bxg7+ Rxg7 50. Qxg7+ Qxg7 51. Rxg7 1-0

[Event "4NCL Online Division 3"]
[Site "online"]
[Date "2020.04.28"]
[Round "4.73"]
[White "Fenwick, Hugh F"]
[Black "Gardiner, Eric D"]
[Result "1/2-1/2"]
[WhiteElo "1907"]
[BlackElo "2016"]
[PlyCount "70"]
[EventDate "2020.04.28"]
[WhiteTeam "Mushrooms 2"]
[BlackTeam "Hull Romans"]

1. c4 e5 2. g3 c6 3. Bg2 d5 4. b3 Be6 5. Bb2 Bd6 6. Nf3 Nd7 7. Qc2 Ngf6 8. O-O
h6 9. d4 e4 10. Ne5 O-O 11. f4 exf3 12. exf3 dxc4 13. Nxc4 Be7 14. Nbd2 Nb6 15.
Rad1 Nfd5 16. Rfe1 Re8 17. a3 Qc7 18. Ne4 Nxc4 19. bxc4 Nb6 20. Bf1 Rad8 21.
Nc5 Bc8 22. Qf2 Nd7 23. Ne4 Nf6 24. Nc3 Bf8 25. Ne4 Nxe4 26. fxe4 Bg4 27. Rd2
Qa5 28. Bg2 Be7 29. e5 Bg5 30. Rd3 Be6 31. Rc3 Qb6 32. Rc2 Qb3 33. Rc3 Qb6 34.
Rc2 Qb3 35. Rc3 Qb6 1/2-1/2

[Event "4NCL Online Division 3"]
[Site "online"]
[Date "2020.04.28"]
[Round "4.74"]
[White "Farley, Zak"]
[Black "Joslin, Tim"]
[Result "0-1"]
[WhiteElo "1735"]
[BlackElo "1870"]
[PlyCount "54"]
[EventDate "2020.04.28"]
[WhiteTeam "Hull Romans"]
[BlackTeam "Mushrooms 2"]

1. c4 Nf6 2. Nc3 e6 3. e4 d5 4. cxd5 exd5 5. e5 d4 6. exf6 dxc3 7. Qa4+ c6 8.
Qe4+ Be6 9. fxg7 cxd2+ 10. Bxd2 Bxg7 11. Rd1 Qd5 12. Qxd5 Bxd5 13. b3 O-O 14.
Ne2 Re8 15. f3 a5 16. Kf2 a4 17. Rb1 axb3 18. axb3 Nd7 19. Nc3 Bd4+ 20. Kg3 Be6
21. Bd3 Nf6 22. Rhc1 Red8 23. Bc4 Bf5 24. Rb2 b5 25. Bf1 b4 26. Na4 Bxb2 27.
Nxb2 Rxd2 0-1

[Event "4NCL Online Division 3"]
[Site "online"]
[Date "2020.04.28"]
[Round "4.81"]
[White "Srivastava, Arnav"]
[Black "Waterfield, John W"]
[Result "1-0"]
[WhiteElo "1960"]
[BlackElo "1943"]
[PlyCount "65"]
[EventDate "2020.04.28"]
[WhiteTeam "Poisoned Pawns"]
[BlackTeam "Abergavenny and Friends"]

1. d4 Nf6 2. c4 c5 3. e3 g6 4. Nc3 Bg7 5. Nf3 O-O 6. Be2 cxd4 7. exd4 d5 8. c5
Nc6 9. Bf4 b6 10. Bb5 Bb7 11. Bxc6 Bxc6 12. Ne5 Rc8 13. b4 bxc5 14. bxc5 Bb7
15. O-O Ne4 16. Qb3 Nxc3 17. Qxc3 f6 18. Nd3 Ba6 19. Rfe1 Bxd3 20. Qxd3 Re8 21.
Re6 Qd7 22. Rae1 Rc6 23. Bd6 Bf8 24. Qf3 Rb8 25. Qxd5 Kg7 26. Qxc6 Qxc6 27.
Bxb8 Qd5 28. c6 Qxd4 29. c7 Qc5 30. h3 a5 31. R6e3 e5 32. Rd1 Be7 33. Rd8 1-0

[Event "4NCL Online Division 3"]
[Site "online"]
[Date "2020.04.28"]
[Round "4.82"]
[White "Parry, Matthew"]
[Black "Trivedi, Aarnavh"]
[Result "1/2-1/2"]
[WhiteElo "1903"]
[BlackElo "1975"]
[PlyCount "121"]
[EventDate "2020.04.28"]
[WhiteTeam "Abergavenny and Friends"]
[BlackTeam "Poisoned Pawns"]

1. d4 d5 2. Nf3 Nf6 3. e3 c6 4. Bd3 Bg4 5. c4 e6 6. Nc3 Nbd7 7. O-O Bd6 8. h3
Bh5 9. Re1 O-O 10. e4 dxe4 11. Nxe4 Nxe4 12. Bxe4 Nf6 13. Qd3 Nxe4 14. Qxe4 Bg6
15. Qe2 Be7 16. Be3 Bf6 17. Rad1 Qc7 18. d5 exd5 19. cxd5 cxd5 20. Rxd5 Qc2 21.
Rd2 Qc6 22. Red1 Rfe8 23. Nd4 Qe4 24. Nb5 Red8 25. Rxd8+ Rxd8 26. Rxd8+ Bxd8
27. Qd2 Qd3 28. Qxd3 Bxd3 29. Nxa7 Bb1 30. a3 Bf6 31. b4 Bc2 32. Bc1 Be5 33.
Nc8 f5 34. Kf1 Kf7 35. Ke2 Bc7 36. Na7 Ba4 37. Kd3 Ke6 38. Be3 g6 39. Kc4 Bd1
40. b5 Be2+ 41. Kb4 f4 42. b6 Bb8 43. Bc5 Bf1 44. g3 fxg3 45. fxg3 Bxh3 46. Nb5
Kd7 47. Nd4 Bxg3 48. a4 Bb8 49. a5 Bf1 50. Nf3 h5 51. Nd2 Be2 52. Bf2 g5 53.
Ne4 g4 54. Nf6+ Kc6 55. Nxh5 Bd6+ 56. Kc3 Bf3 57. Kc4 Bd5+ 58. Kc3 Bf3 59. Kc4
Bd5+ 60. Kc3 Bf3 61. Kc4 1/2-1/2

[Event "4NCL Online Division 3"]
[Site "online"]
[Date "2020.04.28"]
[Round "4.83"]
[White "Volovich, Julia"]
[Black "Keene, Alan"]
[Result "1-0"]
[WhiteElo "1930"]
[BlackElo "1840"]
[PlyCount "81"]
[EventDate "2020.04.28"]
[WhiteTeam "Poisoned Pawns"]
[BlackTeam "Abergavenny and Friends"]

1. d4 Nf6 2. c4 g6 3. Nc3 Bg7 4. e4 d6 5. Nf3 O-O 6. Be2 Nbd7 7. O-O e5 8. Be3
c6 9. d5 Qe7 10. Ne1 c5 11. Rb1 b6 12. Nd3 Bb7 13. a3 Rfc8 14. Nc1 a6 15. b4
cxb4 16. axb4 b5 17. Nb3 bxc4 18. Na5 Rc7 19. b5 Nc5 20. b6 Rcc8 21. Bxc5 Rxc5
22. Nxc4 Rac8 23. Qb3 Bh6 24. Ra1 Nh5 25. Ra5 Nf4 26. Rxc5 Nxe2+ 27. Nxe2 Rxc5
28. Ra1 Qd7 29. Qa4 Qd8 30. Rb1 Bf8 31. Na5 Qc8 32. Nc6 Qd7 33. Nc1 Bxc6 34.
dxc6 Rxc6 35. Qxa6 Qc8 36. Qxc8 Rxc8 37. Nd3 Rb8 38. b7 Kg7 39. Rb5 Kf6 40. Nb4
Ke6 41. Nc6 1-0

[Event "4NCL Online Division 3"]
[Site "online"]
[Date "2020.04.28"]
[Round "4.84"]
[White "Morgans, Justin"]
[Black "Dharmasena, Kian"]
[Result "1-0"]
[WhiteElo "1618"]
[BlackElo "1825"]
[PlyCount "61"]
[EventDate "2020.04.28"]
[WhiteTeam "Abergavenny and Friends"]
[BlackTeam "Poisoned Pawns"]

1. e4 e5 2. Nf3 Nc6 3. Bb5 Nf6 4. O-O d6 5. Re1 Be7 6. h3 a6 7. Ba4 b5 8. Bb3
Na5 9. c3 Nxb3 10. Qxb3 Be6 11. Qc2 c5 12. d3 Rc8 13. Nbd2 O-O 14. Nf1 Nd7 15.
g4 c4 16. d4 exd4 17. Nxd4 Ne5 18. Ne3 Bf6 19. Qe2 Nd3 20. Rf1 Be5 21. Nef5 g6
22. f4 Bxd4+ 23. Nxd4 Nxc1 24. Raxc1 Qb6 25. f5 Bd7 26. Kh1 f6 27. fxg6 hxg6
28. Rf3 Kg7 29. Rcf1 Rce8 30. Qe3 d5 31. Nf5+ 1-0

[Event "4NCL Online Division 3"]
[Site "online"]
[Date "2020.04.28"]
[Round "4.91"]
[White "Thompson, Peter"]
[Black "Murphy, Sean J."]
[Result "0-1"]
[WhiteElo "1900"]
[BlackElo "1990"]
[PlyCount "98"]
[EventDate "2020.04.28"]
[WhiteTeam "Preston South End"]
[BlackTeam "Cork"]

1. e4 e5 2. f4 d5 3. exd5 exf4 4. Bb5+ c6 5. dxc6 Nxc6 6. Qe2+ Be7 7. Nf3 Nf6
8. Bxc6+ bxc6 9. d4 O-O 10. O-O Re8 11. Qd3 Bd6 12. c4 Ng4 13. Nc3 Ne3 14. Bxe3
Rxe3 15. Qd2 Ba6 16. Nd1 Re6 17. b3 Qf8 18. Qa5 Bb7 19. c5 Be7 20. Qd2 Ba6 21.
Re1 Rxe1+ 22. Qxe1 Bf6 23. Qd2 g5 24. Nf2 Rd8 25. Ng4 Bg7 26. Rd1 h5 27. Nge5
g4 28. Nxc6 gxf3 29. Nxd8 Qxd8 30. Qxf4 fxg2 31. Kxg2 Bb7+ 32. Kf2 Qd5 33. Rg1
Kh7 34. Rxg7+ Kxg7 35. Qe5+ Qxe5 36. dxe5 Kg6 37. Ke3 Kf5 38. Kd4 Ke6 39. b4
Bc6 40. h4 a6 41. a3 Bd5 42. a4 Bc6 43. a5 Kf5 44. Ke3 Kxe5 45. Kf2 f5 46. Ke3
f4+ 47. Kf2 Kf5 48. Kg1 Kg4 49. Kh2 f3 0-1

[Event "4NCL Online Division 3"]
[Site "online"]
[Date "2020.04.28"]
[Round "4.92"]
[White "Condon, Gerard"]
[Black "Pennington, Geoffrey"]
[Result "1/2-1/2"]
[WhiteElo "1680"]
[BlackElo "1742"]
[PlyCount "76"]
[EventDate "2020.04.28"]
[WhiteTeam "Cork"]
[BlackTeam "Preston South End"]

1. d4 f5 2. Nf3 e6 3. e3 Nf6 4. Be2 b6 5. O-O Bb7 6. c4 Be7 7. Nc3 O-O 8. b3
Qe8 9. a4 d6 10. a5 a6 11. axb6 cxb6 12. Bb2 Nbd7 13. Ra2 Ne4 14. d5 Nxc3 15.
Bxc3 e5 16. Qa1 Nc5 17. Qb2 Ne4 18. Rfa1 g5 19. Bf1 g4 20. Nd2 Nxc3 21. Qxc3 e4
22. Qb4 Qd8 23. g3 Bf6 24. Rc1 h5 25. Nb1 Be5 26. Nc3 h4 27. Ne2 Kg7 28. Nf4
Bxf4 29. exf4 hxg3 30. fxg3 Rh8 31. Re1 Qc7 32. Qc3+ Kg6 33. Qd4 Qc5 34. Qf2
Qxf2+ 35. Rxf2 Rac8 36. Ra2 Ra8 37. Re3 a5 38. Kg2 Kf6 1/2-1/2

[Event "4NCL Online Division 3"]
[Site "online"]
[Date "2020.04.28"]
[Round "4.93"]
[White "Patsos, Charalampos"]
[Black "Watkins, Mark R."]
[Result "1-0"]
[WhiteElo "1720"]
[BlackElo "1731"]
[PlyCount "123"]
[EventDate "2020.04.28"]
[WhiteTeam "Preston South End"]
[BlackTeam "Cork"]

1. e4 g6 2. d4 Bg7 3. c3 d6 4. Bc4 Nf6 5. Nd2 O-O 6. Ngf3 Nc6 7. Bb3 e5 8. O-O
Bg4 9. d5 Nb8 10. h3 Bd7 11. Bc2 a5 12. a4 Na6 13. Nb3 b6 14. Qe2 Nh5 15. Bg5
f6 16. Bh4 Qe8 17. Rfe1 Bxa4 18. Rxa4 Nf4 19. Qd2 Qxa4 20. Bg3 Bh6 21. Kh2 Qd7
22. Ra1 Qg7 23. Qe1 Nh5 24. Nc1 Nxg3 25. fxg3 Nc5 26. g4 Bxc1 27. Qxc1 h5 28.
gxh5 gxh5 29. Nh4 Kf7 30. Nf5 Qg6 31. Qe3 Rh8 32. Bd1 Rag8 33. Bf3 Qg5 34. Qe2
h4 35. b4 axb4 36. cxb4 Nb3 37. Ra7 Rc8 38. Qc4 Qf4+ 39. Kg1 Qc1+ 40. Qxc1 Nxc1
41. Nxd6+ Kg6 42. Nxc8 Rxc8 43. Ra3 Kg5 44. Kf2 c6 45. Rc3 Na2 46. Rxc6 Rb8 47.
b5 Nb4 48. Rc4 Nd3+ 49. Ke3 Nc5 50. Bg4 Ra8 51. Bf5 Ra3+ 52. Ke2 Kf4 53. Rxc5
Ra2+ 54. Kd3 Ra3+ 55. Rc3 Ra4 56. Rc6 Ra3+ 57. Kc4 Ra2 58. Rxf6 Rc2+ 59. Kb3
Rxg2 60. Rxb6 Rg3+ 61. Kc4 Rxh3 62. Bxh3 1-0

[Event "4NCL Online Division 3"]
[Site "online"]
[Date "2020.04.28"]
[Round "4.94"]
[White "Shindgi, Sumanth"]
[Black "Tillotson, Carl"]
[Result "0-1"]
[WhiteElo "1353"]
[BlackElo "1690"]
[PlyCount "116"]
[EventDate "2020.04.28"]
[WhiteTeam "Cork"]
[BlackTeam "Preston South End"]

1. d4 Nf6 2. c4 e5 3. dxe5 Ng4 4. Nf3 Nc6 5. Bg5 Be7 6. Bxe7 Qxe7 7. e3 O-O 8.
Be2 Ncxe5 9. Nxe5 Nxe5 10. O-O d6 11. Nc3 c6 12. Rc1 Rd8 13. Qc2 Be6 14. Rfd1
Bxc4 15. Bxc4 Nxc4 16. Ne2 Ne5 17. Qe4 d5 18. Qf4 Ng6 19. Qg3 Rac8 20. Nf4 Nxf4
21. Qxf4 h6 22. b4 a6 23. a3 Rd6 24. Rd4 Rf6 25. Qg3 Rg6 26. Rg4 Rxg4 27. Qxg4
Re8 28. h3 Qe6 29. Qxe6 Rxe6 30. Rd1 Kf8 31. Kf1 Ke7 32. Ke2 f5 33. f4 g5 34.
g3 gxf4 35. gxf4 Rg6 36. Kf3 Ke6 37. Rd2 Kf6 38. Rg2 Rxg2 39. Kxg2 h5 40. h4
Ke6 41. Kf3 Kd6 42. Ke2 b6 43. Kd3 c5 44. Kc3 Kc6 45. a4 cxb4+ 46. Kxb4 a5+ 47.
Kb3 b5 48. axb5+ Kxb5 49. Kc3 a4 50. Kb2 Kb4 51. Ka2 a3 52. Kb1 Kc3 53. Ka2 Kd3
54. Kxa3 Kxe3 55. Kb4 d4 56. Kc4 d3 57. Kc3 d2 58. Kc2 Ke2 0-1

[Event "4NCL Online Division 3"]
[Site "online"]
[Date "2020.04.28"]
[Round "4.101"]
[White "Boardman, Jeffrey"]
[Black "Finn, Peter"]
[Result "0-1"]
[WhiteElo "1975"]
[BlackElo "1959"]
[PlyCount "64"]
[EventDate "2020.04.28"]
[WhiteTeam "Railsport"]
[BlackTeam "CSC 3"]

1. b3 e5 2. Bb2 Nc6 3. e3 Nf6 4. Bb5 Bd6 5. Na3 Be7 6. Nc4 e4 7. Ne5 Nxe5 8.
Bxe5 O-O 9. Be2 d6 10. Bb2 d5 11. d3 a5 12. a4 b6 13. Qd2 Re8 14. Nh3 Bxh3 15.
gxh3 Bb4 16. Bc3 Bxc3 17. Qxc3 d4 18. exd4 exd3 19. Qxd3 Qe7 20. Kf1 Rad8 21.
Rd1 Nd5 22. Qf3 Nc3 23. Qxc3 Qxe2+ 24. Kg2 Re6 25. Rhf1 Qe4+ 26. f3 Qh4 27. Rd2
Rde8 28. f4 Re3 29. Qc4 Qxh3+ 30. Kh1 Re2 31. Qxe2 Rxe2 32. Rdd1 Qxh2# 0-1

[Event "4NCL Online Division 3"]
[Site "online"]
[Date "2020.04.28"]
[Round "4.102"]
[White "Samarasinghe Jude, Ranga"]
[Black "McGovern, Derek P"]
[Result "1-0"]
[WhiteElo "1924"]
[BlackElo "1855"]
[PlyCount "121"]
[EventDate "2020.04.28"]
[WhiteTeam "CSC 3"]
[BlackTeam "Railsport"]

1. e4 d5 2. exd5 Qxd5 3. Nc3 Qa5 4. Nf3 Nf6 5. h3 Bf5 6. Bc4 e6 7. Qe2 Nbd7 8.
Nd4 O-O-O 9. Nb3 Qe5 10. d3 Qxe2+ 11. Nxe2 Nb6 12. Nd2 Bb4 13. Bb3 Be7 14. Nc4
Nxc4 15. Bxc4 Nd5 16. a3 Bf6 17. g4 Bg6 18. g5 Be7 19. Bd2 h6 20. gxh6 gxh6 21.
O-O-O Bf6 22. Rdg1 Bh5 23. Bxd5 Bxe2 24. Be4 Bh5 25. Be3 a6 26. f4 Bd4 27. Bxd4
Rxd4 28. f5 c6 29. Rg7 Rd7 30. Rhg1 e5 31. Rg8+ Rd8 32. Rxd8+ Rxd8 33. Rg7 Rh8
34. Kd2 Kd8 35. Ke3 Ke7 36. Rg1 Kf6 37. Kd2 Rd8 38. Kc3 Ke7 39. Kc4 Kd6 40. Rg7
Kc7 41. Rh7 Rd6 42. Kc3 b6 43. Kd2 a5 44. Ke3 Rf6 45. Rh8 Bd1 46. Kd2 Bh5 47.
Re8 Kd6 48. Rc8 Kd7 49. Rb8 Kc7 50. Ra8 Kd6 51. Ra6 Kc7 52. Ra7+ Kd6 53. Rb7 b5
54. b3 Kc5 55. Ra7 b4 56. Rxa5+ Kb6 57. axb4 Rd6 58. Rxe5 f6 59. Re6 Kc7 60.
Re7+ Kb6 61. Rh7 1-0

[Event "4NCL Online Division 3"]
[Site "online"]
[Date "2020.04.28"]
[Round "4.103"]
[White "Jones, H Trevor"]
[Black "Evans, Harry G"]
[Result "1/2-1/2"]
[WhiteElo "1795"]
[BlackElo "1915"]
[PlyCount "95"]
[EventDate "2020.04.28"]
[WhiteTeam "Railsport"]
[BlackTeam "CSC 3"]

1. c4 c5 2. Nc3 Nc6 3. g3 g6 4. Bg2 Bg7 5. d3 d6 6. Nf3 Rb8 7. O-O e6 8. e4
Nge7 9. Be3 O-O 10. d4 cxd4 11. Nxd4 a6 12. Qd2 Ne5 13. Qe2 Qc7 14. b3 b6 15.
Rac1 N7c6 16. Rfd1 Ng4 17. Qxg4 Nxd4 18. Qh4 Nc6 19. Bh6 Bb7 20. Bxg7 Kxg7 21.
Qf4 Ne5 22. Qd2 Rfd8 23. f4 Ng4 24. h3 Nf6 25. f5 d5 26. exd5 Qxg3 27. Ne2 Qd6
28. fxe6 fxe6 29. Nf4 exd5 30. Nxd5 Nxd5 31. cxd5 Rd7 32. Rc4 Rf8 33. Rd4 Rdf7
34. Qb2 Kg8 35. Qe2 Rf5 36. Kh1 Qf6 37. R4d2 Qh4 38. Qg4 Qf6 39. Re2 Rf4 40.
Qe6+ Qxe6 41. dxe6 Bxg2+ 42. Kxg2 Re8 43. Rd6 Rb4 44. Rd7 a5 45. e7 Kf7 46. Rb7
Rb5 47. Rf2+ Ke6 48. Re2+ 1/2-1/2

[Event "4NCL Online Division 3"]
[Site "online"]
[Date "2020.04.28"]
[Round "4.104"]
[White "Kan, Toby"]
[Black "Broad, Michael J"]
[Result "1-0"]
[WhiteElo "1892"]
[BlackElo "1720"]
[PlyCount "61"]
[EventDate "2020.04.28"]
[WhiteTeam "CSC 3"]
[BlackTeam "Railsport"]

1. e4 e5 2. Nf3 Nf6 3. Nxe5 d6 4. Nf3 Nxe4 5. Nc3 Nxc3 6. dxc3 Nc6 7. Bd3 Be7
8. Bf4 Be6 9. Qd2 h6 10. O-O-O Qd7 11. Kb1 O-O-O 12. Rhe1 g5 13. Be3 a6 14. Nd4
Nxd4 15. Bxd4 Rhe8 16. h3 Kb8 17. Bg7 Bf8 18. Bf6 Be7 19. Bg7 Bf8 20. Bd4 f5
21. f4 gxf4 22. Qxf4 Bg7 23. Rxe6 Rxe6 24. Bxf5 Qf7 25. Bxg7 Rg8 26. Qf3 Qxg7
27. Bxe6 Rf8 28. Qg4 Qf6 29. Bc4 Qf2 30. a3 Qc5 31. Bd3 1-0

[Event "4NCL Online Division 3"]
[Site "online"]
[Date "2020.04.28"]
[Round "4.111"]
[White "Scott, David A"]
[Black "Rahman, Asad"]
[Result "0-1"]
[WhiteElo "2122"]
[BlackElo "2095"]
[PlyCount "90"]
[EventDate "2020.04.28"]
[WhiteTeam "Surbiton 2"]
[BlackTeam "Harrow 2"]

1. d4 d5 2. Nf3 c5 3. c4 e6 4. cxd5 exd5 5. g3 Nc6 6. Bg2 h6 7. O-O Nf6 8. Nc3
Be6 9. Be3 c4 10. Ne5 Rc8 11. Nxc6 Rxc6 12. Bf4 Bb4 13. f3 O-O 14. e4 Bxc3 15.
bxc3 Qa5 16. Qd2 Rd8 17. Rab1 b5 18. Rb2 a6 19. Rfb1 Qa3 20. Rb4 Nd7 21. Qc2
Nb6 22. Bc1 Qa5 23. Bd2 Re8 24. h4 Bc8 25. Kh2 Rf6 26. Bf4 Na4 27. Be5 Rg6 28.
h5 Rg5 29. g4 dxe4 30. Bf4 exf3 31. Bxf3 Bxg4 32. Bxg5 Bxf3 33. Qf5 Nxc3 34.
Bxh6 Nxb1 35. Qg5 Qxa2+ 36. Kh3 Qg2+ 37. Qxg2 Bxg2+ 38. Kxg2 gxh6 39. Rxb1 Re2+
40. Kf3 Rd2 41. Ke4 c3 42. d5 c2 43. Rc1 b4 44. Ke3 Rh2 45. d6 Kf8 0-1

[Event "4NCL Online Division 3"]
[Site "online"]
[Date "2020.04.28"]
[Round "4.112"]
[White "Walkusz, Miroslaw"]
[Black "Tambini, Jasper"]
[Result "1-0"]
[WhiteElo "1939"]
[BlackElo "2040"]
[PlyCount "85"]
[EventDate "2020.04.28"]
[WhiteTeam "Harrow 2"]
[BlackTeam "Surbiton 2"]

1. d4 d5 2. c4 e6 3. cxd5 exd5 4. Nc3 Nf6 5. Bg5 Be7 6. Qc2 h6 7. Bh4 O-O 8. e3
c6 9. Bd3 Nbd7 10. Nge2 Re8 11. O-O Ne4 12. Bxe7 Qxe7 13. Bxe4 dxe4 14. Ng3 Nf6
15. h3 h5 16. Rfd1 h4 17. Nge2 Bf5 18. d5 c5 19. d6 Qd7 20. Nd5 Qxd6 21. Nxf6+
Qxf6 22. Qxc5 b6 23. Qd4 Qg5 24. Qd5 Rad8 25. Qb5 a6 26. Rxd8 Rxd8 27. Qe5 f6
28. Qc7 Rd2 29. Qc3 Rd3 30. Qc4+ Kh7 31. Nf4 b5 32. Qc5 Rd7 33. Qa3 Qh6 34.
Qxa6 g5 35. Qxb5 Bxh3 36. Nxh3 Rg7 37. Qf5+ Kh8 38. Rd1 Rg8 39. Qxe4 g4 40. Nf4
g3 41. f3 Rc8 42. Ng6+ Kg7 43. Rd7+ 1-0

[Event "4NCL Online Division 3"]
[Site "online"]
[Date "2020.04.28"]
[Round "4.113"]
[White "Faulks, Nick"]
[Black "Lakhani, Kishan"]
[Result "0-1"]
[WhiteElo "1960"]
[BlackElo "1977"]
[PlyCount "80"]
[EventDate "2020.04.28"]
[WhiteTeam "Surbiton 2"]
[BlackTeam "Harrow 2"]

1. e4 c5 2. Nf3 d6 3. d4 cxd4 4. Nxd4 Nf6 5. Nc3 g6 6. Be3 Nc6 7. Qd2 Ng4 8.
Be2 Nxe3 9. fxe3 Bg7 10. O-O-O Ne5 11. h4 h5 12. Kb1 O-O 13. Rhf1 Bd7 14. Qe1
Rc8 15. Nd5 e6 16. Nc3 a6 17. Ka1 b5 18. a3 Qb6 19. Rf2 b4 20. axb4 Qxb4 21.
Na2 Qb7 22. Qb4 Qxe4 23. Qxd6 Qxe3 24. Rdf1 Rfd8 25. c3 Bb5 26. Qe7 Rd7 27. Qg5
Qe4 28. Rf4 Qb7 29. Nxb5 axb5 30. Kb1 Ra8 31. Nc1 Qa6 32. Rb4 Rd5 33. Qf4 Ra7
34. Rd1 Rxd1 35. Bxd1 Nc6 36. Rb3 b4 37. Kc2 bxc3 38. bxc3 Qc8 39. Kb1 Kh7 40.
Bf3 Na5 0-1

[Event "4NCL Online Division 3"]
[Site "online"]
[Date "2020.04.28"]
[Round "4.114"]
[White "Dhemrait, Jagdeep"]
[Black "Bayly, Liam"]
[Result "1-0"]
[WhiteElo "1982"]
[BlackElo "1937"]
[PlyCount "55"]
[EventDate "2020.04.28"]
[WhiteTeam "Harrow 2"]
[BlackTeam "Surbiton 2"]

1. e4 c5 2. Nc3 Nc6 3. f4 g6 4. Nf3 Bg7 5. Bb5 Nd4 6. a4 a6 7. Bc4 d6 8. d3 e6
9. O-O Ne7 10. Ne2 O-O 11. Nexd4 cxd4 12. Qe1 d5 13. Bb3 Nc6 14. exd5 exd5 15.
Bd2 Be6 16. Qe2 Qd7 17. Qf2 Rae8 18. Rae1 Bg4 19. h3 Bxf3 20. Qxf3 Rd8 21. Re2
Bf6 22. f5 Ne5 23. Qf2 g5 24. Qg3 h6 25. h4 Qe7 26. hxg5 hxg5 27. Bxg5 Bxg5 28.
f6 1-0

[Event "4NCL Online Division 3"]
[Site "online"]
[Date "2020.04.28"]
[Round "4.121"]
[White "Hosdurga, Chirag"]
[Black "Fletcher, John"]
[Result "1-0"]
[WhiteElo "2132"]
[BlackElo "1994"]
[PlyCount "55"]
[EventDate "2020.04.28"]
[WhiteTeam "The Rook1Es"]
[BlackTeam "The Full Ponty"]

1. d4 Nf6 2. c4 e6 3. Nc3 d5 4. Nf3 Bb4 5. Bg5 h6 6. Bh4 g5 7. Bg3 Ne4 8. Qc2
c6 9. a3 Qa5 10. Rc1 Bxc3+ 11. bxc3 Qxa3 12. Nd2 Nxg3 13. hxg3 Nd7 14. e4 f5
15. exf5 exf5 16. Bd3 Nf6 17. O-O Ne4 18. c5 Qa5 19. Bxe4 fxe4 20. f3 Be6 21.
fxe4 O-O-O 22. Ra1 Qc7 23. Rxa7 Qxg3 24. Qb2 Rh7 25. Ra8+ Kd7 26. Qxb7+ Qc7 27.
Qxc7+ Kxc7 28. Ra7+ 1-0

[Event "4NCL Online Division 3"]
[Site "online"]
[Date "2020.04.28"]
[Round "4.122"]
[White "Adams, Mark"]
[Black "Stubbs, Oliver"]
[Result "1-0"]
[WhiteElo "1944"]
[BlackElo "2050"]
[PlyCount "129"]
[EventDate "2020.04.28"]
[WhiteTeam "The Full Ponty"]
[BlackTeam "The Rook1Es"]

1. e4 e6 2. d4 d5 3. Nc3 Nf6 4. Bg5 Bb4 5. e5 h6 6. Bd2 Bxc3 7. bxc3 Ne4 8. Qg4
Kf8 9. Bd3 Nxd2 10. Kxd2 c5 11. Nf3 c4 12. Be2 Nc6 13. a4 Bd7 14. Qf4 Kg8 15.
h4 Ne7 16. h5 Qe8 17. a5 b5 18. axb6 axb6 19. g4 b5 20. Rhg1 Rxa1 21. Rxa1 Qb8
22. Rb1 Qa7 23. g5 Nf5 24. Bf1 Qa2 25. Rb4 Qa1 26. Bh3 Qh1 27. Bxf5 exf5 28. g6
fxg6 29. hxg6 Qh5 30. Nh4 Qg5 31. Qxg5 hxg5 32. e6 Be8 33. Nxf5 Bxg6 34. Ne7+
Kh7 35. Nxg6 Kxg6 36. Rxb5 Rf8 37. e7 Re8 38. Rxd5 Rxe7 39. Rc5 Rf7 40. Ke2
Re7+ 41. Kf3 Kh5 42. Rxc4 g4+ 43. Kg3 Re4 44. Rc5+ g5 45. Re5 Rf4 46. Re3 Kg6
47. d5 Rf7 48. c4 Rc7 49. Re4 Kf5 50. Rxg4 Rd7 51. Rd4 Ke5 52. Rd1 Kd6 53. Kg4
Rf7 54. c5+ Kxc5 55. d6 Rd7 56. Kxg5 Kc6 57. f4 Kb7 58. f5 Kc8 59. Kg6 Ra7 60.
d7+ Kd8 61. f6 Ra3 62. Rd3 Ra1 63. Rg3 Kxd7 64. f7 Ke7 65. Re3+ 1-0

[Event "4NCL Online Division 3"]
[Site "online"]
[Date "2020.04.28"]
[Round "4.123"]
[White "Walker, Max"]
[Black "Jones, Ian Robert"]
[Result "1/2-1/2"]
[WhiteElo "1945"]
[BlackElo "1944"]
[PlyCount "119"]
[EventDate "2020.04.28"]
[WhiteTeam "The Rook1Es"]
[BlackTeam "The Full Ponty"]

1. e4 e5 2. Nf3 d6 3. d4 exd4 4. Nxd4 Nf6 5. Nc3 Be7 6. g3 Nc6 7. Nxc6 bxc6 8.
Bg2 O-O 9. O-O Bg4 10. Qd3 Qd7 11. f3 Bh3 12. Rd1 Bxg2 13. Kxg2 Rfe8 14. e5 Nd5
15. Nxd5 cxd5 16. Qxd5 Bf8 17. Qe4 Qb5 18. Rd5 Qb7 19. Rd4 Qxe4 20. Rxe4 Rxe5
21. Bf4 Rxe4 22. fxe4 h6 23. Re1 g5 24. Be3 Bg7 25. c3 a5 26. Bd4 Rb8 27. Re2
a4 28. Bxg7 Kxg7 29. Kf3 Kf6 30. Ke3 Ke6 31. Kd3 h5 32. h3 c6 33. Kc2 Ke5 34.
Rf2 Ke6 35. c4 f6 36. Rf5 c5 37. h4 Rg8 38. Kd3 gxh4 39. gxh4 Rg3+ 40. Kc2 Rg4
41. Rxh5 Rxe4 42. Kd3 Rd4+ 43. Kc3 Rg4 44. Rh8 Rg3+ 45. Kc2 Rh3 46. Ra8 Rh2+
47. Kc3 Rh3+ 48. Kd2 Rxh4 49. Rxa4 Ke5 50. b3 f5 51. Ra8 f4 52. Ke2 Rh2+ 53.
Kf3 Rh3+ 54. Kf2 Ke4 55. Re8+ Kd3 56. Re6 Rh2+ 57. Kf3 Rxa2 58. Rxd6+ Kc3 59.
Rc6 Kxb3 60. Rxc5 1/2-1/2

[Event "4NCL Online Division 3"]
[Site "online"]
[Date "2020.04.28"]
[Round "4.124"]
[White "Hughes, Anthony"]
[Black "Gao, Ian"]
[Result "0-1"]
[WhiteElo "1873"]
[BlackElo "1907"]
[PlyCount "76"]
[EventDate "2020.04.28"]
[WhiteTeam "The Full Ponty"]
[BlackTeam "The Rook1Es"]

1. d4 Nf6 2. Nf3 g6 3. g3 Bg7 4. Bg2 O-O 5. O-O c6 6. b3 d5 7. c4 Bf5 8. Bb2
Nbd7 9. Nc3 Rc8 10. Rc1 dxc4 11. bxc4 Nb6 12. Na4 Bh6 13. e3 Nxa4 14. Qxa4 Qc7
15. Rfd1 Rfd8 16. d5 cxd5 17. cxd5 Qd7 18. Qh4 Bg7 19. Ne5 Qb5 20. Bd4 h6 21.
g4 g5 22. Qg3 Bh7 23. h4 Ne4 24. Bxe4 Bxe4 25. hxg5 hxg5 26. Nc6 bxc6 27. Bxg7
f6 28. Bh6 Rxd5 29. f4 Rcd8 30. Rxd5 Rxd5 31. Qf2 Qb4 32. Re1 Rd2 33. Re2 Rd1+
34. Kh2 Rh1+ 35. Kg3 Rxh6 36. Rb2 gxf4+ 37. Qxf4 Qxb2 38. Qb8+ Qxb8+ 0-1